Advanced Econometric Methods

Guardado en:
Detalles Bibliográficos
Autor principal: Fomby, Thomas B.
Otros Autores: Hill, Carter R., Johnson, Stanley R.
Formato: Libro
Lenguaje:inglés
Publicado: New York Springer 1988
Edición:1. ed.
Etiquetas: Agregar Etiqueta
Sin Etiquetas, Sea el primero en etiquetar este registro!

MARC

LEADER 00000nam a2200000 4500
001 c030375
005 20221219115439.8
041 0 |a eng 
044 |a US 
245 1 0 |a Advanced Econometric Methods  |c Thomas B. Fomby, Carter R. Hill, Stanley R. Johnson 
250 |a 1. ed. 
264 1 |a New York  |b Springer  |c 1988 
300 |a 624 s. 
100 1 |a Fomby, Thomas B. 
700 1 |a Hill, Carter R. 
700 1 |a Johnson, Stanley R.